Business space across the world (Record no. 117169)
[ view plain ]
| 000 -LEADER | |
|---|---|
| fixed length control field | 01181cam a2200241 4500 |
| 001 - CONTROL NUMBER | |
| control field | WB4014-05 |
| 008 - FIXED-LENGTH DATA ELEMENTS--GENERAL INFORMATION | |
| fixed length control field | 040406n2004 000 0 eng u |
| 035 ## - SYSTEM CONTROL NUMBER | |
| System control number | (Sirsi) u125746 |
| 245 ## - TITLE STATEMENT | |
| Title | Business space across the world |
| 260 ## - PUBLICATION, DISTRIBUTION, ETC. | |
| Date of publication, distribution, etc. | 2004 |
| 490 ## - SERIES STATEMENT | |
| Series statement | Propertymall.com press release |
| Volume/sequential designation | 5 April 2004 (3) |
| 520 ## - SUMMARY, ETC. | |
| Summary, etc. | Cushman & Wakefield Healey and Baker's latest edition of 'Business space around the world 2004', shows London retaining its position as the world' most expensive city for office space. In London's Mayfair district the total cost of occupying one metre of prime office space is Ł1367 a year, which is 55% more than the Ł878 in Paris with Tokyo in the next place. During the next year it is predicted that office rents will rise in top locations in many countries including, Austria, China and Hong Kong. For the PropertyMall.com news release: http://www.propertymall.com/press/article/11467 |
| 590 ## - LOCAL NOTE (RLIN) | |
| Local note | WB |
| 590 ## - LOCAL NOTE (RLIN) | |
| Local note | WB |
| 650 ## - SUBJECT ADDED ENTRY--TOPICAL TERM | |
| Topical term or geographic name entry element | CUSHMAN & WAKEFIELD |
| 650 ## - SUBJECT ADDED ENTRY--TOPICAL TERM | |
| Topical term or geographic name entry element | BUSINESS SPACE |
| 650 ## - SUBJECT ADDED ENTRY--TOPICAL TERM | |
| Topical term or geographic name entry element | OFFICE SPACE |
| 650 ## - SUBJECT ADDED ENTRY--TOPICAL TERM | |
| Topical term or geographic name entry element | MAYFAIR |
| 650 ## - SUBJECT ADDED ENTRY--TOPICAL TERM | |
| Topical term or geographic name entry element | RENTS |
| 650 ## - SUBJECT ADDED ENTRY--TOPICAL TERM | |
| Topical term or geographic name entry element | ECONOMIC RECOVERY |
| 690 ## - LOCAL SUBJECT ADDED ENTRY--TOPICAL TERM (OCLC, RLIN) | |
| Topical term or geographic name as entry element | COMMERCIAL PROPERTY-MARKET |
| 942 ## - ADDED ENTRY ELEMENTS (KOHA) | |
| Suppress in OPAC | 0 |
| Withdrawn status | Lost status | Source of classification or shelving scheme | Damaged status | Not for loan | Home library | Current library | Shelving location | Date acquired | Total Checkouts | Full call number | Barcode | Date last seen | Copy number | Price effective from | Koha item type |
|---|---|---|---|---|---|---|---|---|---|---|---|---|---|---|---|
| Dewey Decimal Classification | London | London | News article | 06/04/2004 | WB4014-05 | 125746-1001 | 06/08/2019 | 1 | 06/08/2019 | News article |